| 000 | 00706nam a22001937a 4500 | ||
|---|---|---|---|
| 020 |
_a9789386296979 _c250.00 |
||
| 035 | _aB-687396-398 | ||
| 037 | _bUppal Book Store | ||
| 082 | _a820.9008 | ||
| 100 | _aBorgohain, Pradipta | ||
| 245 |
_aVictroian Literature/ _cPradipta Borgohain |
||
| 260 |
_aHyderabad _bOrient Blackswan Pvt. Ltd. _c2017 |
||
| 270 |
_a3-6-752 Himayatnagar _bHyderabad _e500013 |
||
| 300 |
_a225p. _b22cm |
||
| 490 | _aLiterary Contexts | ||
| 700 | _aNayar, Pramod K. | ||
| 942 |
_2ddc _cEN _h820.9008 _kBOR |
||
| 999 |
_c153063 _d153063 |
||